EPIC: The Musical - Keep Your Friends Close - Statistics

General Stats
  • This quiz has been taken 265 times
  • The average score is 216 of 500
Answer Stats
Hint Answer % Correct
god
96%
Odysseus Great
95%
wind
95%
I
92%
Aeolus
91%
don't
91%
if
90%
know
90%
you
90%
am
86%
and
86%
I
86%
the
86%
wind
86%
Aeolus Ha-ha-ha
85%
turning
85%
twisting
85%
But
83%
our
83%
know
82%
this
82%
a
81%
Odysseus A
81%
an
81%
blocked
81%
by
81%
game
81%
game?
81%
I
81%
is
81%
Let's
81%
path
81%
play
81%
home
80%
fire
79%
Aeolus That's
79%
what
79%
burning
78%
closer
78%
enough
78%
friends
78%
I'm
78%
keep
78%
stay
78%
storm
78%
the
78%
to
78%
to
78%
your
78%
your
78%
and
77%
close
77%
enemies
77%
get
77%
what
77%
you're
77%
and
76%
ask
76%
for
76%
give
76%
I
76%
if
76%
Odysseus Sounds
76%
the
76%
Odysseus What?
76%
what's
76%
will
76%
win
76%
you
76%
you
76%
your
76%
catch?
75%
Aeolus Ha-ha-ha
75%
serving
75%
Winions Sometimes
75%
trust
75%
who
75%
yearning
75%
can
74%
know
74%
Winions Never
74%
really
74%
you
74%
a
73%
a
73%
All
73%
assistance
73%
bag
73%
Aeolus 'Cause
73%
do
73%
easy
73%
home
73%
Aeolus If
73%
is
73%
is
73%
journey
73%
must
73%
not
73%
open
73%
so
73%
this
73%
too
73%
we
73%
you
73%
all
72%
bag
72%
distance
72%
go
72%
has
72%
It
72%
our
72%
the
72%
the
72%
they
72%
at
71%
bag
71%
can
71%
gotta
71%
killing
71%
last
71%
look
71%
"No
71%
of
71%
sir"
71%
storm
71%
the
71%
this
71%
winds
71%
aid
70%
gotta
70%
here
70%
perfect
70%
right
70%
say
70%
Aeolus Take
70%
the
70%
trapped
70%
wind
70%
you
70%
you
70%
at
69%
Can
69%
cast
69%
impenetrable
69%
the
69%
the
69%
wanna
69%
and
68%
for
67%
get
67%
us
67%
Odysseus deal!
66%
end
66%
open
66%
always
65%
Winions It's
65%
means
65%
the
65%
treasure
65%
Odysseus What?
64%
justifies
62%
and
61%
close
61%
closer
61%
friends
61%
keep
61%
your
61%
your
61%
Winions Bye-bye
60%
Perimedes Captain
60%
enemies
60%
Aeolus &Winions Friends
60%
Perimedes Open
60%
rivalries
60%
Aeolus So
60%
turn
60%
what's
60%
bag
59%
foes
59%
the
59%
Perimedes& Elepnor what's
59%
bag?
58%
that
58%
in
57%
Odysseus No
57%
do
56%
got
56%
Elepnor Let's
56%
not
56%
see
56%
what
56%
you
56%
Odysseus Something
55%
trapped
55%
can
54%
dangerous
54%
friends
54%
into
54%
know
54%
Winions Never
54%
really
54%
trust
54%
we
54%
who
54%
you
54%
bag
52%
closed
52%
happening
52%
how
52%
is
52%
See
52%
this
52%
how
51%
that's
51%
be
50%
closely
50%
it's
50%
lag
50%
listen
50%
mustn't
50%
supposed
50%
to
50%
and
49%
close
49%
closer
49%
friends
49%
Aeolus Keep
49%
your
49%
your
49%
Everybody
48%
try
48%
We
48%
Perimedes& Elepnor We'll
48%
enemies
47%
bag
46%
fly
46%
has
46%
Crew &Winions Never
46%
the
46%
This
46%
treasure
46%
can
45%
inside
45%
know
45%
let
45%
really
45%
rumor
45%
the
45%
who
45%
you
45%
cannot
44%
storm
44%
trust
44%
bag
39%
get
39%
they
39%
open
38%
the
38%
wanna
38%
can
37%
Aeolus Now
37%
so
37%
Crew &Winions Sometimes
37%
they
37%
have
36%
a
35%
closure
35%
in
35%
is
35%
must
35%
changed
34%
Crew Everything's
34%
since
34%
Aeolus 'Cause
33%
Aeolus Keep
33%
always
32%
end
32%
means
32%
the
32%
the
32%
your
32%
9
31%
and
31%
close
31%
closer
31%
days
31%
Odysseus For
31%
friends
31%
justifies
31%
Polites
31%
your
31%
enemies
30%
awake
29%
I've
29%
wide
29%
can
28%
know
28%
Crew &Winions Never
28%
really
28%
trust
28%
who
28%
you
28%
sneaking
27%
stayed
27%
no
26%
storm
25%
Tryna
25%
home
24%
it
24%
make
24%
or
24%
with
24%
eyes
23%
keep
23%
open
23%
tidal
23%
wave
23%
your
23%
eyes
22%
Penelope &Telemachus Just
22%
keep
22%
your
22%
bag
21%
I
21%
is
21%
Penelope &Telemachus Just
21%
open
21%
Crew Penelope
21%
remain
21%
still
21%
the
21%
closed
20%
closer
20%
to
20%
you
20%
and
19%
and
19%
are
19%
be
19%
getting
19%
Odysseus I
19%
I
19%
I'm
19%
my
19%
my
19%
Crew Telemachus
19%
the
19%
to
19%
unopposed
19%
wake
19%
Odysseus Why
19%
bag
18%
can't
18%
eyes
18%
father
18%
for
18%
Odysseus I
18%
Penelope &Telemachus Just
18%
me
18%
memories
18%
never
18%
new
18%
Odysseus
18%
opening
18%
the
18%
they're
18%
Odysseus Time
18%
to
18%
up
18%
up (x2)
18%
wait
18%
Penelope Wake
18%
was
18%
eyes
17%
heavy?
17%
keep
17%
make
17%
open
17%
so
17%
some
17%
your
17%
and
16%
bag
16%
closed
16%
Aeolus I
16%
keep
16%
my
16%
soul
16%
the
16%
to
16%
and
15%
both
15%
but
15%
but
15%
close
15%
closer
15%
embrace
15%
enemies
15%
eyes
15%
friends
15%
heart
15%
I'm
15%
I'm
15%
Penelope &Telemachus Just
15%
keep
15%
keep
15%
Aeolus Keep
15%
let
15%
me?
15%
Odysseus No!
15%
on
15%
open
15%
said
15%
same
15%
the
15%
the
15%
to
15%
trying
15%
why
15%
won't
15%
yes
15%
you
15%
you
15%
you
15%
your
15%
your
15%
your
15%
changed
14%
has
14%
know
14%
much
14%
Crew &Winions Never
14%
really
14%
same
14%
Odysseus So
14%
who
14%
you
14%
can
13%
trust
13%
eyes
12%
guess
12%
had
12%
I
12%
If
12%
Crew keep
12%
open
12%
to
12%
weren't
12%
your
12%
compliant
11%
to
11%
you're
11%
am?
10%
Do
10%
giants
10%
heading
10%
I
10%
Ithaca
10%
know
10%
Aeolus &Winions land
10%
Poseidon Odysseus
10%
of
10%
of
10%
storm
10%
taking
10%
the
10%
the
10%
the
10%
us?
10%
Odysseus Where's
10%
who
10%
you
10%
Crew Storm
9%
can
8%
late
8%
Odysseus We
8%
ahead
7%
Eurylochus But
7%
Winions Full
7%
it's
7%
sir
7%
speed
7%
too
7%
another
6%
bag
6%
close
6%
day
6%
Odysseus Help
6%
is
6%
left
6%
me
6%
save
6%
Crew Storm (x2)
6%
the
6%
to
6%
use
6%
whatever
6%
wind
6%
come
5%
on
5%
No matching quizzes found
Score Distribution
Percent of People with Each Score
Percentile by Number Answered
Your Score History
You have not taken this quiz